[Event "AUT-chT2W 2021"]
[Site "Austria"]
[Date "2020.10.09"]
[Round "1.5"]
[White "Hitzhaus, Reiner"]
[Black "Erwin Casero, Daniel"]
[Result "0-1"]
[WhiteElo "1720"]
[BlackElo "1967"]
[PlyCount "40"]
[EventDate "2020.10.09"]
[EventType "team-tourn"]
[EventRounds "11"]
[EventCountry "AUT"]
[SourceTitle "CBM 199 Extra"]
[Source "ChessBase"]
[SourceDate "2021.01.31"]
[SourceVersion "1"]
[SourceVersionDate "2021.01.31"]
[SourceQuality "1"]
[WhiteTeam "Hoerbranz"]
[BlackTeam "Hohenems II"]
[WhiteTeamCountry "AUT"]
[BlackTeamCountry "AUT"]

1. e4 e5 2. Nf3 Nc6 3. Bc4 Nf6 4. Nc3 Nxe4 5. Bxf7+ Kxf7 6. Nxe4 d5 7. Neg5+ Kg8 8. d3 h6 9. Nh3 Bd6 10. c3 Qf6 11. Qe2 Kh7 12. Bd2 Rf8 13. Nhg1 e4 14. dxe4 dxe4 15. Qxe4+ Bf5 16. Qc4 Rae8+ 17. Ne2 Re4 18. Qb3 Ne5 19. Kf1 Nxf3 20. gxf3 Bh3+ 0-1